| 000 | 00917nam a22002537a 4500 | ||
|---|---|---|---|
| 003 | KOHA_MİRAKIL | ||
| 005 | 20260416105007.0 | ||
| 008 | 260416b tu ||||| |||| 00| 0 tur d | ||
| 020 | _a9786058381971 | ||
| 040 |
_aTR-AnABB _btur _cTR-AnABB |
||
| 041 | _atur | ||
| 082 |
_a307.76 _bKAR 2018 |
||
| 100 | 1 | _aKaratepe, Şükrü | |
| 245 | 1 | 0 |
_aKendini kuran şehir : _byirminci yüzyılda Kayseri / _cŞükrü Karatepe |
| 250 | _a1. baskı | ||
| 260 |
_aAnkara : _bİdealkent Yayınları, _c2018 |
||
| 300 |
_a346 sayfa : _c20 cm |
||
| 490 | 0 |
_aİdealkent yayınları ; _v7 |
|
| 490 | 0 |
_aAnadolu kentleri ; _v1 |
|
| 505 | _aİçindekiler: Sur içinden metropole şehrin serüveni - Kavimler kavşağında kültür sentezi - Selçuklu başkentinden bulvarlar şehrine - Bölgesel ticaret yerel siyaset | ||
| 650 | 0 | 4 | _aŞehir sosyolojisi |
| 900 | _bCan ÇELIK | ||
| 942 |
_2ddc _cBK |
||
| 999 |
_c10277 _d10277 |
||